000 00934cam a2200205 4500
001 ABS66191
008 021216n2002 000 0 eng u
035 _a(Sirsi) u120779
100 _aSmye, Q
245 _aNormal service wiil be resumed
260 _c2002
490 _aEstates Gazette
_v(0246) 16 November 2002, 192-193(2)
520 _aOffers advice to landowners who have land affected by service easements. Recommends landowners qualify easements to maximise their potential for future development. Suggests it may be possible to work around existing rights, or vary or substitute new services for existing rights. Failing these suggestions, insurance could be a possibility. Uses case study as illustration.
590 _aABS
650 _aGREENWICH HEALTHCARE NHS TRUST V LONDON AND QUADRANT HOUSING TRUST
650 _aHUTTON V HAMBORO
690 _aBoundary disputes
_96221
700 _aSymonds, S
942 _n0
999 _c71768
_d71768